000 00925nam a22001817a 4500
003 OSt
005 20251118170120.0
008 251118b |||||||| |||| 00| 0 eng d
040 _cDCL
082 _a၂၉၄.၃၈၂၃၅၃
130 _aတိပိဋက။
_pသုတ္တန္တပိဋက။
_pခုဒ္ဒကနိကာယ။
_tဇာတက၊
_lအဋ္ဌကထာ၊
_sနိဿယ။
245 _aဇာတကအဋ္ဌကထာ နိဿယ၊
_nဘူရိဒတ္ထဇာတက။
264 _aရန်ကုန် ၊
_bသာသနာရေးဦးစီး၊
_c၁၉၉၇။
300 _a၁၀၂-၁၈၆ စာမျက်နှာ ၊
_c၂၅ စင်တီ။
650 _aဇာတက
_vအဋ္ဌကထာနိဿယ။
650 _aဘူရိဒတ္ထဇာတက
_vအဋ္ဌကထာနိဿယ။
942 _2ddc
_cSHORT TERM
_n0
999 _c2525
_d2525